• 首页
  • 本馆介绍
  • 公告通知
  • 最新文献
  • 馆藏检索
  • 电子资源
  • 读者导购
  • 参考咨询
  • 我的图书馆
  • 登录
  • 详细信息显示
  • 放入我的书架
  • 预约/预借图书
  • 作者相关作品
  • 分类相关作品
  • 丛书相关作品
  • 出版社相关作品

书目信息

  • 表格格式
  • 工作单格式
  • 卡片格式
题名:
成熟飓风的动力学和能量学
    
 
作者: 安赛斯 著 ;王志烈 , 丁一汇 译
分册:  
出版信息: 北京   科学出版社  1980
页数: 74页
开本: 19cm
丛书名:
单 册:
中图分类: P444
科图分类:
主题词: 天气学
电子资源:
ISBN:
000 00694nam0 2200229 45
001 0180000135
005 20060508170033.03
010    @dCNY0.45
100    @a19960227d1980 em y0chiy0121 ea
101 1  @achi@ceng
102    @aCN@b110000
105    @ay z 000yy
200 10 @a成熟飓风的动力学和能量学@Acheng shu ju feng de dong li xue he neng liang xue@f(美)R·A·安赛斯著@F(mei)R·A·an sai si zhu@g王志烈,丁一汇译
210    @a北京@c科学出版社@d1980
215    @a74页@d19cm
606 0  @a天气学
690    @aP444@v3
701  0 @a安赛斯@Aan sai si@4著
702  0 @a王志烈@Awang zhi lie@4译
702  0 @a丁一汇@Ading yi hui@4译
801  0 @aCN@bNLC@c20060508
905    @f1@b59744@dP444@e3
    
    成熟飓风的动力学和能量学/(美)R·A·安赛斯著/王志烈,丁一汇译.-北京:科学出版社,1980
    74页;19cm
    
    
    ISBN :CNY0.45
    
●
相关链接 在E读中查询图书 在五车中查询图书 在当当中查询图书 在豆瓣中查询图书


正题名:成熟飓风的动力学和能量学     索取号:P444/3         预约/预借

序号 登录号 条形码 馆藏地/架位号 状态 备注
1 0059744   001937033   第三借阅区/ [索取号:P444/3] 在馆    
2 0059745   202190681   密集书库/ [索取号:P444/3] 在馆    
3 0059746   202308724   密集书库/ [索取号:P444/3] 在馆    
唐山师范学院图书馆 欢迎您!
大连网信软件有限公司© 版权所有